000 04187nab a2200313 i 4500
003 BR-BrBNA
005 20250227202316.0
008 250227b2014 bl.qr|pooa||| 00| 0 por |
040 _aBR-BrBNA
_bpor
072 _aF70
072 _aK10
072 _aK01
100 _aOliveira, Kelly Fernandes de
100 _aFisch, Simey Thury Vieira
100 _aDuarte, Juliana de Souza
100 _aDanelli, Matheus Fischer
100 _aMartins, Luiz Fernando da Silva
100 _aJoly, Carlos Alfredo
245 _aEstrutura e distribuição espacial de populações de palmeiras em diferentes altitudes na Serra do Mar, Ubatuba, São Paulo, Brasil
500 _aPublicação on-line; Bibliography p. 1053-1055 (56 ref.); 3 tables; 2 illus.; Summaries (En, Pt)
520 _a Resumo A estrutura ontogenética e espacial de dez espécies de palmeiras que ocorrem na Serra do Mar, Ubatuba, São Paulo, foi analisada nas fitofisionomias: Floresta Ombrófila Densa de Terras Baixas, Submontana e Montana. Em 12 parcelas de um hectare (quatro parcelas em cada fitofisionomia) foram instaladas três transecções de 10 × 100 m, subdivididas em subparcelas de 10 × 10 m, totalizando 0,3 hectares inventariados em cada parcela. Foram procedidas identificação e biometria completa de todas as palmeiras, e a distribuição espacial das populações foi analisada por meio do Índice de agregação (Ia) proposto por Perry. Com a elevação, foram observadas alterações na riqueza e abundância das espécies, com predominância de plântulas em Astrocaryum aculeatissimum, Euterpe edulis, Geonoma gamiova, Geonoma pohliana e Syagrus pseudococos. Indivíduos jovens apresentaram maior frequência em Attalea dubia, Bactris hatschbachii e Geonoma schottiana. Geonoma elegans apresentou mais adultos e Bactris setosa, frequências similares de plântulas e jovens. A maioria dos estádios ontogenéticos não foi correlacionada com a altitude e o padrão agregado foi predominante nas espécies de palmeiras. Dessa forma, concluiu-se que a altitude não influenciou no padrão de distribuição espacial das populações de palmeiras, mas afetou a composição dessa comunidade na Floresta Ombrófila Densa na Serra do Mar. Palavras-chave: Arecaceae, Mata Atlântica, Padrão espacial Abstract The ontogenetic and spatial structure of ten palm species that occur in the Serra do Mar, Ubatuba, São Paulo, Brazil, were analyzed for three vegetation physiognomies dense rain forest of lowland, lower montane and montane regions. At twelve 1-ha plots (four plots in each vegetation physiognomy) three transects, 10 × 100m each, divided into subplots of 10 ×10m, and 0.3 hectare in each plot was surveyed. All palms were identified and the biometrics of all palm species determined. Spatial distribution of populations was analyzed using the aggregation index (Ia) proposed by Perry. Changes in species richness and abundance were observed associated with elevation. Seedlings predominated in Astrocaryum aculeatissimum, Euterpe edulis, Geonoma gamiova, Geonoma pohliana and Syagrus pseudococos; juveniles had higher frequency in Attalea dubia, Bactris hatschbachii and Geonoma schottiana; Geonoma elegans had more adults and Bactris setosa had similar frequencies of seedlings and saplings. Most of the ontogenetic stages were not correlated with altitude and the aggregate pattern was predominant in palm species. Therefore, it was concluded that altitude did not influence the spatial distribution pattern of palm populations, but it affected the composition of the community in the dense rain forest in the Serra do Mar. Key words: Arecaceae, Atlantic Rainforest, Spatial pattern
650 _aARECACEAE
650 _aMATA ATLÂNTICA
650 _aDISTRIBUIÇÃO GEOGRÁFICA
773 0 _0709
_9348876
_dRio de Janeiro-RJ Jardim Botanico do Rio de Janeiro 1935
_o2025-1371
_tRodriguésia (Brazil)
_x0370-6583; 2175-7860 on-line
_gv. 65(4) p. 1043-1055; (2014)
_wBR2024004971
856 _uhttps://www.scielo.br/j/rod/a/qSKGMDsMcchbv38vyzzrPPq/?format=pdf&lang=pt
942 _cANA
999 _c330197
_d330197